| 000 | 00545nam a22001817a 4500 | ||
|---|---|---|---|
| 003 | BUBTL | ||
| 008 | 190102b xxu||||| |||| 00| 0 eng d | ||
| 020 | _a978-984-33-9247-3 | ||
| 082 | _a346 HAM | ||
| 100 |
_92101 _aHaque, Muhammad Ekramul |
||
| 245 |
_aMuslim Family Law: _bSharia and Modern World / _c Muhammad Ekramul Haque |
||
| 260 |
_aDhaka : _bLondon College of Legal Studies, _cc2015. |
||
| 300 |
_a799 p. : _c22 cm. |
||
| 650 | 0 |
_92102 _aLaw |
|
| 856 |
_k0 _l0 _yDownload |
||
| 942 |
_2ddc _cBK |
||
| 999 |
_c5852 _d5852 |
||